00842cam a2200241 a 450000100100000000500170001000800410002702000150006804000300008308200230011310000390013624500800017525000240025526000470027930000210032665000220034765000230036965000260039291000290041804900090044795201270045699900170058300001546220200929164040.0931123s1997 mnu 000 0 spa d a1567183301 aDO-SdBNPbspacBNPHUdDLC a133.9bG643p, 19971 aGonzález-Wippler, Migene.93492710aPeregrinaje :bla vida después de la muerte /cMigene González-Wippler. a2a ed., exp. y rev. aSaint Paul, Minnesota :bLlewellyn,c1997. a235 p. ;c21 cm. 4aEspiritismo91460 4aVida futura934928 4aReencarnación91089 aCatalogación por copia aBNGR 001052708MOaGRbGRcCTd2010-02-09iLF1l0o133.9 G643p, 1997p15462-10r2020-06-25w2020-06-25y2ZPréstamo interno c15018d15018